Author Country Match-Up Quiz Stats

 Plays Quiz Updated Jul 14, 2016

Also try: One Novel Wonders
Challenge
Share
Tweet
Score 0/25 Timer 05:00
0 Plays Today
% Correct
Hans Christian Andersen
90.8%
Fyodor Dostoevsky
89.1%
Mary Shelley
88.7%
Haruki Murakami
88.4%
Miguel de Cervantes
88%
Mo Yan
85.1%
Jack Kerouac
84.9%
Luigi Pirandello
84.2%
Khaled Hosseini
81.8%
Wisława Szymborska
80.9%
Marcel Proust
78%
Henrik Ibsen
77.9%
Samuel Beckett
77%
% Correct
Astrid Lindgren
76.3%
Gabriel García Márquez
75.1%
Odysseas Elytis
72%
Salman Rushdie
68.4%
Chimamanda Ngozi Adichie
67.8%
Pablo Neruda
61.7%
Luís Vaz de Camões
61.3%
Thomas Mann
61.1%
Paulo Coelho
57.8%
Sofi Oksanen
55.9%
Albert Camus
49.5%
Milan Kundera
45.2%

You're not logged in!

Compare scores with friends on all Sporcle quizzes.
OR
Log In

You Might Also Like...

Show Comments

Extras

Top Quizzes Today


Score Distribution

Your Account Isn't Verified!

In order to create a playlist on Sporcle, you need to verify the email address you used during registration. Go to your Sporcle Settings to finish the process.

Report this User

Report this user for behavior that violates our Community Guidelines.

Details: